000 004260000a22001810004500
003 MACL
005 20160110171309.0
008 160110b xxu||||| |||| 00| 0 eng d
040 _aMACL
_cMACL
041 _aEnglish
082 _a923.2/NEH
100 _aNehru, Krishna
_931104
245 _aWe Nehrus
260 _bPearl Books
_c1968
_aBombay
350 _a7.50
650 _aBiography
_931105
942 _cBK
_k923.2/NEH
_2ddc
999 _c35629
_d35629